000 00625nam a2200217Ia 4500
001 10199
003 GE_BSU
008 181216s||||||||xx |||||||||||||| ||und||
040 _cGE_BSU
080 _a821.353.1–32
100 _aრუსიძე,კაპიტონ
245 _aორი ნაპირი
245 _bნოველები
245 _cრედ:ვლ.შარაშიძე
260 _aბათუმი
260 _bსახელგამი
260 _c1953
300 _a268გვ;16სმ.
653 _aორი ნაპირი:ნოველები
942 _cBK
999 _c43468
_d43468